Artesania de la piel : encuadernaciones en Vich : siglos XII-XV / José M. Passola ; introducción por Emilio Brugalla ... 'La Encuadernación suntuaria, arte tradicional español' encuadernaciones en Vich :
Descripción Física:
165 p. : il., negre i col. ; 25 cm
Otros Autores:
Brugalla, Emili
MARC
| LEADER | 00000nam a2200000Ia 4500 | ||
|---|---|---|---|
| 001 | 1791 | ||
| 008 | 160829s1968 xx 000 0 cat d | ||
| 080 | |a A-1-245 | ||
| 100 | |a Passola, José Ma. |9 36417 | ||
| 245 | |a Artesania de la piel : |b encuadernaciones en Vich : |b siglos XII-XV / José M. Passola ; introducción por Emilio Brugalla ... 'La Encuadernación suntuaria, arte tradicional español' | ||
| 260 | |a Vich : |b Colomer Munmany, |c 1968 | ||
| 300 | |a 165 p. : |b il., negre i col. ; |c 25 cm | ||
| 650 | |a Enquadernació |x Espanya |x Història |9 36418 | ||
| 650 | |a Enquadernació |x Vic |x S. XI/XV |9 36419 | ||
| 700 | |a Brugalla, Emili |9 36420 | ||
| 901 | |a Arxiu | ||
| 942 | |n 1 | ||
| 952 | |0 0 |1 0 |4 0 |6 A1245 |7 1 |9 47313 |a Arxiu |b Arxiu |d 2016-12-01 |l 0 |o A-1-245 |p 1791 |r 2016-12-01 00:00:00 |w 2016-12-01 |y ARXIU | ||
| 999 | |c 51110 |d 51110 | ||